<?xml version="1.0" encoding="UTF-8"?>
<record
    xmlns:xsi="http://www.w3.org/2001/XMLSchema-instance"
    xsi:schemaLocation="http://www.loc.gov/MARC21/slim http://www.loc.gov/standards/marcxml/schema/MARC21slim.xsd"
    xmlns="http://www.loc.gov/MARC21/slim">

  <leader>01780nam a2200205Ia 4500</leader>
  <controlfield tag="001">b7189-53315 </controlfield>
  <controlfield tag="003">IT-MiCISF</controlfield>
  <controlfield tag="008">161014s9999||||xx |||||||||||||| ||und||</controlfield>
  <datafield tag="040" ind1=" " ind2=" ">
    <subfield code="a">IT-MiCISF</subfield>
    <subfield code="c">IT-MiCISF</subfield>
  </datafield>
  <datafield tag="041" ind1=" " ind2=" ">
    <subfield code="a">it</subfield>
  </datafield>
  <datafield tag="100" ind1=" " ind2=" ">
    <subfield code="a">Grandin Temple</subfield>
  </datafield>
  <datafield tag="245" ind1=" " ind2="0">
    <subfield code="a">Visti da vicino</subfield>
    <subfield code="b">Il mio pensiero su autismo e sindrome di Asperger</subfield>
  </datafield>
  <datafield tag="250" ind1=" " ind2=" ">
    <subfield code="a">1a ed.</subfield>
  </datafield>
  <datafield tag="260" ind1=" " ind2=" ">
    <subfield code="a"> Trento</subfield>
    <subfield code="b">Erickson</subfield>
    <subfield code="c">2014</subfield>
  </datafield>
  <datafield tag="300" ind1=" " ind2=" ">
    <subfield code="a">pp. 237</subfield>
  </datafield>
  <datafield tag="500" ind1=" " ind2=" ">
    <subfield code="a"> / disturbi-sviluppo, infanzia, educazione, problemi-educazione, apprendimento, problemi-apprendimento, esperienze, rapporti-genitori-figli, et&#xE0;-adulta, lavoro, scuola / Questo libro presenta una selezione degli articoli pi&#xF9; recenti e significativi di T. Grandin sull'autismo e la sindrome di Asperger, che affrontano in modo concreto e diretto le principali questioni e problematiche che ogni giorno vivono le persone con autismo, i loro familiari, i loro insegnanti e chiunque divida con loro la propria vita. L'A., lei stessa affetta da autismo, offre al lettore indicazioni su cosa &#xE8; utile fare e non fare in diversi contesti, strategie pratiche e consigli preziosi. Il tutto basato non solo sulle pi&#xF9; aggiornate ricerche scientifiche ma anche e soprattutto su un punto di vista di chi, come lei, vede e vive questi problemi dall'interno. Il libro si sofferma su: come e perch&#xE9; le persone con autismo pensano in modo diverso; i programmi di intervento pi&#xF9; efficaci; come distinguere tra un comportamento causato da una disabilit&#xE0; e un cattivo comportamento; come insegnare alle persone con autismo a vivere in un mondo imprevedibile; il contributo della medicina alternativa e quello della medicina convenzionale; gli adulti con autismo e il mondo del lavoro.</subfield>
  </datafield>
  <datafield tag="650" ind1=" " ind2=" ">
    <subfield code="a">educazione</subfield>
  </datafield>
  <datafield tag="942" ind1=" " ind2=" ">
    <subfield code="c">BK</subfield>
  </datafield>
  <datafield tag="957" ind1=" " ind2=" ">
    <subfield code="7">1</subfield>
  </datafield>
  <datafield tag="999" ind1=" " ind2=" ">
    <subfield code="a">53315</subfield>
    <subfield code="b">si</subfield>
    <subfield code="g">1</subfield>
    <subfield code="c">209779</subfield>
    <subfield code="d">209779</subfield>
  </datafield>
  <datafield tag="952" ind1=" " ind2=" ">
    <subfield code="0">0</subfield>
    <subfield code="1">0</subfield>
    <subfield code="4">0</subfield>
    <subfield code="6">B_718953315</subfield>
    <subfield code="7">1</subfield>
    <subfield code="a">CISF</subfield>
    <subfield code="b">CISF</subfield>
    <subfield code="d">2016-10-14</subfield>
    <subfield code="l">0</subfield>
    <subfield code="o">b7189-53315 </subfield>
    <subfield code="r">2016-10-14 00:00:00</subfield>
    <subfield code="w">2016-10-14</subfield>
    <subfield code="y">BK</subfield>
    <subfield code="z">Data import 15.10.2016 / by Epidotti, Vaglietti</subfield>
  </datafield>
</record>
